000 00588nam a2200205 i 4500
001 bgj
100 1 _aREINHART, Susan M.
245 1 0 _aTesting Your Grammar /
_cSusan M. Reinhart.
260 _aAnn Arbor :
_bThe University of Michigan Press,
_cc. 1985.
300 _aVIII, [1], 149 pp ;
_c28 cm.
505 _aIncludes answer key.
650 9 _aEnglish language
_xGrammar
655 _aExaminations, questions, etc.
020 _a0472080547 (pbk)
040 _cBPK
041 0 _aeng
920 _a0-472-08054-7 (pbk)
942 _cKS
008 s uk f |000 0 eng
999 _c41256
_d41256
856 _uhttp://koha.tu.koszalin.pl/cgi-bin/koha/opac-detail.pl?biblionumber=41256
_yKatalog online BPK